000 00499nam a2200169Ia 4500
999 _c21114
_d21114
003 OSt
005 20200702102045.0
008 190216s9999||||xx |||||||||||||| ||und||
020 _a9788180693366
040 _coclc
082 _a920.720954
_bSRI/W
100 _aSrivastava, Gouri
_93434
245 0 _aWomen Role Models /
_cGouri Srivastava
260 _bConcept Publications,
_aNew Delhi:
_c2006.
300 _a96p
942 _cBK
_2ddc
_h920.720954
_iSRI/W
_k920.720954
_mSRI/W